Statistics for Biggest Cities in Somalia

Click here to take the quiz!

General Stats

  • This quiz has been taken 78 times
  • The average score is 4 of 10

Answer Stats

Population City % Correct
2,120,000Mogadishu
97%
1,000,000Hargeisa
63%
1,500,000Bosaso
49%
650,000Kismayo
40%
232,500Berbera
40%
545,000Galkayo
27%
500,000Garoowe
21%
230,100Merca
18%
657,500Baidoa
13%
224,700Jamame
3%

Score Distribution

Percentile by Number Answered

Percent of People with Each Score

Your Score History

You have not taken this quiz